000 00675nam a2200193Ia 4500
003 GCL
008 140319s9999 xx 000 0 ara d
040 _aGCL /
_cGCL
082 0 4 _a301.161
_bا ع
100 1 _aانشراح الشال
245 1 0 _aعلاقة الطفل بالوسائل المطبوعة والالكترونية /
_cانشراح الشال
260 _a[S.N] :
_bدار الفكر العربى ،
_c1987
300 _a295 ص
490 _aدراسات فى علم الاجتماع الاعلامى
_v0
650 0 4 _aالاعلام
650 0 4 _aالتليفزيون والاطفال
650 0 4 _aالاجتماع الاعلامى
942 _2ddc
_cBK
999 _c31907
_d31907